000 00748nam a2200253Ia 4500
003 OSt
005 20221005093628.0
006 a|||||r|||| 00| 0
007 ta
008 221004b |||||||| |||| 00| 0 ara d
020 _c1875
024 _a21685
037 _b962, 12/03/2015, Nadwi Publications
_cTextual
040 _aCRL
_cCRL
_bara
041 _2ara
_aara
082 _aO28v, Q2
100 _aAlsamrai Feras Saleem Au.
_9618639
245 0 _aTareekh al magrib al arabi
260 _aOman
_bDar al Rizwan Lil Nashr Arab
_c2012
300 _a184p.
_ccm.
650 _aARABIC LITERATURE
942 _hO28v, Q2
_cTEXL
_2cc
999 _c1000760
_d1000760